Business Statistics (Record no. 11764)

MARC details
000 -LEADER
fixed length control field 00385nam a22001697a 4500
003 - CONTROL NUMBER IDENTIFIER
control field OSt
008 - FIXED-LENGTH DATA ELEMENTS--GENERAL INFORMATION
fixed length control field 230127b ||||| |||| 00| 0 eng d
020 ## - INTERNATIONAL STANDARD BOOK NUMBER
International Standard Book Number 9789353949457
082 ## - DEWEY DECIMAL CLASSIFICATION NUMBER
Classification number 658.872 BAB
100 ## - MAIN ENTRY--PERSONAL NAME
Personal name BAJPAI,Naval
245 ## - TITLE STATEMENT
Title Business Statistics
250 ## - EDITION STATEMENT
Edition statement 3rd Ed
260 ## - PUBLICATION, DISTRIBUTION, ETC. (IMPRINT)
Place of publication, distribution, etc UP
Name of publisher, distributor, etc Pearson
Date of publication, distribution, etc 2020
300 ## - PHYSICAL DESCRIPTION
Extent 884
650 ## - SUBJECT ADDED ENTRY--TOPICAL TERM
Topical term or geographic name as entry element Business Statistics
942 ## - ADDED ENTRY ELEMENTS (KOHA)
Source of classification or shelving scheme Dewey Decimal Classification
Koha item type Reference Books
Holdings
Withdrawn status Lost status Source of classification or shelving scheme Damaged status Not for loan Collection code Home library Current library Date acquired Source of acquisition Currency Cost, normal purchase price Bill Number Total Checkouts Full call number Acc. no. / Barcode Date last seen Date last borrowed Actual Cost, discounted price Bill Date Koha item type Public note
    Dewey Decimal Classification     MBA PIET C-LIBRARY PIET C-LIBRARY 28/12/2022 International Book Centre IN Rupees 850.00 IB/IN/927 1 658.083 BAB 34431 22/10/2024 08/10/2024 586.50 28/12/2022 Text Books  
    Dewey Decimal Classification     MBA PIET C-LIBRARY PIET C-LIBRARY 11/03/2023 Arihant Books IN RUPEES 935.00 AB/CM/17/2022-2023   658.872 BAB 34825 14/04/2023   654.50 11/03/2023 Reference Books Decentralization

Design & Developed by: PIET Central Library
R70 Miles Stone Pattikalyana Samalkha Panipat 132102
mail ID :- [email protected], Phone No:- 0180-2569700 Ex.216